| 000 | 04575cam a22005774i 4500 | ||
|---|---|---|---|
| 003 | PE-LiUPU | ||
| 005 | 20250731180107.0 | ||
| 008 | 150623s1994 mx a r 000 0 spa d | ||
| 020 | _a9687270470 | ||
| 020 | _a9789687270470 | ||
| 035 | _a(Sirsi) i9789687270470 | ||
| 040 |
_aPE-LiUPU _bspa _cPE-LiUPU _erda |
||
| 049 | _aPRUA | ||
| 082 | 0 | 4 |
_a547.3 _bM12 _221 |
| 100 | 1 |
_aMcMurry, John, _eautor. |
|
| 245 | 1 | 0 |
_aQuímica orgánica / _cJohn McMurry. |
| 264 | 1 |
_aMéxico : _bGrupo editorial Iberoamérica, _c1994. |
|
| 300 |
_a1278 páginas : _bilustraciones ; _c25 centímetros |
||
| 336 |
_atext _2rdacontent |
||
| 337 |
_aunmediated _2rdamedia |
||
| 338 |
_avolume _2rdacarrier |
||
| 504 | _aÍndice: páginas 1247-1278. | ||
| 505 | 0 | _aEstructura y enlace -- Enlace químico y propiedades moleculares -- Naturaleza de los compuestos orgánicos: Alcanos y cicloalcanos -- Estereoquímica de alcanos y cicloalcanos -- Panorama general de las reacciones orgánicas -- Estructura y reactividad -- Reacciones y síntesis -- Alquinos. -Estereoquímica -- Halogenuros de alquilo -- Reacciones de los halogenuros de alquilo: Sustituciones nucleofílicas y eliminaciones -- Determinación de estructuras: espectroscopia de masa y espectroscopia de infrarrojo -- Determinación de estructuras: espectroscopia de resonancia magnética nuclear -- Dienos conjugados y espectroscopia de ultravioleta -- Benceno y aromaticidad -- Química del benceno: sustitución electrofílica aromática -- Alcoholes y tioles -- Éteres, epóxidos y sulfuros -- Aldehídos y cetonas: reacciones de adición nucleofílica -- Ácidos carboxílicos -- Derivados de ácidos carboxílicos y reacciones de sustitución -- Reacciones de sustitución alfa de grupos carbonilo -- Carbohidratos -- Aminas alifáticas -- Arilaminas y fenoles -- Aminoácidos, péptidos y proteínas -- Lípidos -- Heterociclos y ácidos nucleicos -- Orbitales y quimia orgánica: reacciones pericíclicas -- Polímeros sintéticos.Estructura y enlace -- Enlace químico y propiedades moleculares -- Naturaleza de los compuestos orgánicos: Alcanos y cicloalcanos -- Estereoquímica de alcanos y cicloalcanos -- Panorama general de las reacciones orgánicas -- Estructura y reactividad -- Reacciones y síntesis -- Alquinos. -Estereoquímica -- Halogenuros de alquilo -- Reacciones de los halogenuros de alquilo: Sustituciones nucleofílicas y eliminaciones -- Determinación de estructuras: espectroscopia de masa y espectroscopia de infrarrojo -- Determinación de estructuras: espectroscopia de resonancia magnética nuclear -- Dienos conjugados y espectroscopia de ultravioleta -- Benceno y aromaticidad -- Química del benceno: sustitución electrofílica aromática -- Alcoholes y tioles -- Éteres, epóxidos y sulfuros -- Aldehídos y cetonas: reacciones de adición nucleofílica -- Ácidos carboxílicos -- Derivados de ácidos carboxílicos y reacciones de sustitución -- Reacciones de sustitución alfa de grupos carbonilo -- Carbohidratos -- Aminas alifáticas -- Arilaminas y fenoles -- Aminoácidos, péptidos y proteínas -- Lípidos -- Heterociclos y ácidos nucleicos -- Orbitales y quimia orgánica: reacciones pericíclicas -- Polímeros sintéticos. | |
| 526 | _aSEG44 | ||
| 526 | _aSEG26 | ||
| 526 | _aP159 | ||
| 526 | _aP155 | ||
| 526 | _aP154 | ||
| 526 | _aP153 | ||
| 526 | _aP150 | ||
| 526 | _aP100 | ||
| 526 | _aP31 | ||
| 526 | _aP30 | ||
| 526 | _aP26 | ||
| 526 | _aP25 | ||
| 526 | _aP24 | ||
| 526 | _aP22 | ||
| 526 | _aP15 | ||
| 526 | _aP10 | ||
| 650 | 0 | 4 |
_aQuímica orgánica. _92142 |
| 910 |
_adbm _bncf _cncf _d20190429 |
||
| 942 |
_2ddc _cBOOK |
||
| 949 |
_a547.3 M12 _wDEWEY _c1 _i37409 _d2016-10-11 _e2016-10-11 _lCCODEBUL1 _mBUL _n1 _r0 _sY _tBOOK _u2015-6-24 _xINGENIERIA _zUNKNOWN _0COMPRA _o.STAFF. Colección General |
||
| 949 |
_a547.3 M12 _wDEWEY _c2 _i43961 _d2016-9-25 _e2016-9-21 _lCCODEBUL1 _mBUL _n3 _r0 _sY _tBOOK _u2015-6-24 _xINGENIERIA _zUNKNOWN _0COMPRA _o.STAFF. Colección Ingeniería y Arquitectura |
||
| 994 |
_aC0 _bPEPRU |
||
| 596 | _a1 | ||
| 999 |
_a547.3 M12 _wDEWEY _c20836 _i37409 _d20836 _e2018-11-18 _f2019-12-11 _g6 _lDISCARD _mBUL _n2 _q4 _r1 _sY _tBOOK _u2015-6-24 _xINGENIERIA _zUNKNOWN _0COMPRA _o.STAFF. Colección General |
||
| 999 |
_a547.3 M12 _wDEWEY _c2 _i43961 _d2022-5-25 _e2022-5-19 _f2021-11-5 _g8 _lCCODEBUL1 _mBUL _n8 _p45.00 _q17 _r0 _sY _tBOOK _u2015-6-24 _xBIBLIOTECA _PP26 _0COMPRA _o.STAFF. Colección Ingeniería y Arquitectura |
||
| 980 |
_81 _gALBERTO SANCHEZ Responsable de Automatización |
||